Memoria y fotografía: el movimiento estudiantil mexicano de 1968 /
Salvato in:
| Autore principale: | |
|---|---|
| Natura: | Libro |
| Lingua: | Spanish |
| Tags: |
Aggiungi Tag
Nessun Tag, puoi essere il primo ad aggiungerne!!
|
MARC
| LEADER | 00000nam a22000007a 4500 | ||
|---|---|---|---|
| 003 | cru CIDCACS/IIS | ||
| 005 | 20191004133114.0 | ||
| 007 | ta | ||
| 008 | 180517b2015 cr |||p|r||||||0| 0 spa|d | ||
| 999 | |c 41426 |d 41426 | ||
| 040 | |c cru CIDCACS/IIS | ||
| 100 | 1 | |a García Cárdenas, Oralia |9 7212 | |
| 245 | 1 | |a Memoria y fotografía: |b el movimiento estudiantil mexicano de 1968 / |c Oralia García Cárdenas | |
| 300 | |a páginas 11-29: |b fotos | ||
| 942 | |2 ddc |c PP | ||
| 773 | 0 | |0 40579 |9 2012 |a Universidad Nacional de Costa Rica |d Heredia, Costa Rica: EUNA |o 18793 |t Revista de Historia / |x 10129790 | |
